000
00351 a2200169 4500
001
184238
020
_a
85-16-02324-9
040
_c
Magnum
100
_a
Machado, Ana Maria
240
1
0
_a
Amigo é comigo
_l
por
245
1
0
_a
Amigo é comigo
300
_a
86
362
0
_a
1999
440
1
_a
Moderna
697
_a
LITERATURA JUVENIL
942
_c
BK
999
_c
184238
_d
184238